000 01720nam a2200265Ia 4500
005 20240422131315.0
008 130821s1922 fr fr fre
040 _aCo-BoUCM
_bfre
_cSandra Yazo (modificó)
_dSandra Yazo (modificó)
041 0 _afre
082 0 4 _a844.52
_220
092 _aE53N017
100 1 _aBenoist, Charles
_d1861-1936
_9180518
242 0 4 _aMis claustros en medio de la tormenta
_cCarlos Benoist
_yspa
245 1 4 _aMes cloîtres dans la tempête
_cMartial Lekeux
260 _aParís (Francia)
_bLibrairie Plon ; Les petis-fils de Plon et Nourrit [Librería Plon ; Nietos de Plon – Nourrit]
_c1922
300 _a312 páginas
_c18 x 12 cm.
500 _aDetalles físicos: Sin encuadernación original, actualmente, encuadernación rígida (holandesa) en cartón forrado en papel; lomo de tela con letras y líneas decorativas en dorado. Guardas. Anteportada. Portada, impresa en una sola tinta; pequeño grabado con la marca tipográfica del editor. Texto impreso en una sola columna, con diferentes tipos y tamaños de letra. Notas de pie de página. Índice. Papel con oxidación en bordes. Anteportada manchada.
505 0 _aCómo tiré el hábito entre los matorrales ; Agonía de Lieja ; La vía dolorosa ; Florecillas ; La muerte de Erhardt, el espía ; Mi hermano ; Evasión ; Observadores ; Cómo me convertí en jefe de estación ; Historia de un paseo ; Por la Cruz ; Borrasca ; Un soldado ; La Paz de Cristo ; Pitoutchi ; La Tebaida ; Maggy
506 _aConsulta en sala
546 _aTexto en francés
650 0 7 _aNovela belga
_920471
650 0 7 _aLiteratura belga
_918611
690 _aLiteratura europea
_926524
942 _cLIBRO
_a2
_e1
_2LOCAL
_hE53N018
999 _c324112
_d324112